=LDR 00000nam 2200000 4500 =001 INLIS000000000052825 =005 20180306021341 =035 ##$$a 0010-0318000052 =007 ta =008 180306###########################0###### =020 ##$$a 978-602-262-015-0 =082 ##$$a 541.37 =084 ##$$a 541.37 FIT e =100 #$$a Fitria rahmawati =245 1#$$a Elektro kimia : $b Transformasi energi kimia /$c Fitria rahmawati =250 ##$$a cet.1 =260 ##$$a Yogyakarta :$b Graha Ilmu,$c 2013 =300 ##$$a 178 hlm. : $b ilus. ; $c 26 cm. =500 ##$$a Biografi : hlm. 105 =650 ##$$a Elektro kimia =504 ##$$a Bibliografi : hlm. 79-80 =990 ##$$a 53075307 =990 ##$$a 53075307 =990 ##$$a 53075307 =990 ##$$a 53075307 =990 ##$$a 53075307 =990 ##$$a 21708916 =990 ##$$a 01201805307 =990 ##$$a 01201805308 =990 ##$$a 01201805309 =990 ##$$a 01201805310 =990 ##$$a 21708917 =990 ##$$a 01201805307 =990 ##$$a 01201805308 =990 ##$$a 01201805309 =990 ##$$a 21708916 =990 ##$$a 21708918 =990 ##$$a 01201805307 =990 ##$$a 01201805308 =990 ##$$a 21708917 =990 ##$$a 21708916 =990 ##$$a 21708918 =990 ##$$a 01201805307 =990 ##$$a 01201805308 =990 ##$$a 21708917 =990 ##$$a 21708916 =990 ##$$a 21708919 =990 ##$$a 01201805307 =990 ##$$a 21708918 =990 ##$$a 21708917 =990 ##$$a 21708916 =990 ##$$a 21708920 =990 ##$$a 21708919 =990 ##$$a 21708918 =990 ##$$a 21708917 =990 ##$$a 21708916